[Event "SRB-chT Premier"]
[Site "Vrnjacka Banja"]
[Date "2021.09.08"]
[Round "2.1"]
[White "Miljkovic, Miroslav D"]
[Black "Saric, Sinisa"]
[Result "1/2-1/2"]
[WhiteElo "2470"]
[BlackElo "2403"]
[PlyCount "78"]
[EventDate "2021.09.07"]
[EventType "team-tourn"]
[EventRounds "11"]
[EventCountry "SRB"]
[SourceTitle "CBM 204 Extra"]
[Source "ChessBase"]
[SourceDate "2021.11.30"]
[SourceVersion "1"]
[SourceVersionDate "2021.11.30"]
[SourceQuality "1"]
[WhiteTeam "Ruma Sloven"]
[BlackTeam "Kac Jugovic"]
[WhiteTeamCountry "SRB"]
[BlackTeamCountry "SRB"]

1. d4 Nf6 2. c4 g6 3. Nc3 Bg7 4. e4 d6 5. h3 0-0 6. Nge2 c5 7. d5 e6 8. Ng3 exd5 9. exd5 Na6 10. Be2 Nc7 11. 0-0 Rb8 12. Bf4 a6 13. a4 b6 14. Qd2 Nfe8 15. Rfe1 f5 16. Bd3 Bd7 17. Bg5 Bf6 18. h4 Rf7 19. Nce2 b5 20. axb5 axb5 21. b3 Ng7 22. Ra7 Nce8 23. Rea1 bxc4 24. Bxc4 Bc8 25. Rxf7 Kxf7 26. Ra7+ Kg8 27. Bxf6 Qxf6 28. Qg5 Qxg5 29. hxg5 Rb7 30. Ra8 Rc7 31. Nf4 Kf8 32. Nge2 Bd7 33. Nc3 Rc8 34. Ra6 Ke7 35. f3 Nc7 36. Ra7 Kd8 37. Ra1 Ke7 38. Kf2 Kf7 39. Ra7 Ke7 1/2-1/2

[Event "Vojvodina op 11th"]
[Site "Novi Sad"]
[Date "2021.07.29"]
[Round "6"]
[White "Furman, Boris"]
[Black "Saric, Sinisa"]
[Result "1/2-1/2"]
[WhiteElo "2114"]
[BlackElo "2409"]
[PlyCount "97"]
[EventDate "2021.07.25"]
[EventType "swiss"]
[EventRounds "9"]
[EventCountry "SRB"]
[SourceTitle "CBM 203 Extra"]
[Source "ChessBase"]
[SourceDate "2021.09.30"]
[SourceVersion "1"]
[SourceVersionDate "2021.09.30"]
[SourceQuality "1"]

1. d4 Nf6 2. c4 g6 3. Nc3 Bg7 4. Nf3 0-0 5. Bg5 d6 6. e3 c5 7. d5 b5 8. cxb5 a6 9. bxa6 Qa5 10. Nd2 Bxa6 11. Bxa6 Qxa6 12. Qe2 Qb7 13. Bxf6 Bxf6 14. Nde4 Bg7 15. 0-0 Nd7 16. Rfd1 Rfb8 17. Rd2 Qb4 18. Rc2 Nb6 19. Nd2 Bxc3 20. bxc3 Qa4 21. Rac1 Nxd5 22. e4 Nc7 23. h4 h5 24. g4 Ne6 25. gxh5 Nf4 26. Qe3 Nxh5 27. f4 Qd7 28. f5 d5 29. Rf1 d4 30. Qh6 dxc3 31. Nf3 Rb2 32. Ng5 Qd4+ 33. Rff2 Qg7 34. Qxg7+ Nxg7 35. Rxc3 Rxf2 36. Kxf2 Rxa2+ 37. Ke3 f6 38. Ne6 Nxe6 39. fxe6 Ra6 40. Rxc5 Rxe6 41. Kf4 Rd6 42. h5 g5+ 43. Kg4 Kf7 44. e5 Re6 45. Kf5 g4 46. Kxg4 Rxe5 47. Rxe5 fxe5 48. Kf5 Kg7 49. Kxe5 1/2-1/2

[Event "Vojvodina op 11th"]
[Site "Novi Sad"]
[Date "2021.07.28"]
[Round "5"]
[White "Saric, Sinisa"]
[Black "Andrijevic, Milan"]
[Result "1/2-1/2"]
[WhiteElo "2409"]
[BlackElo "2207"]
[PlyCount "95"]
[EventDate "2021.07.25"]
[EventType "swiss"]
[EventRounds "9"]
[EventCountry "SRB"]
[SourceTitle "CBM 203 Extra"]
[Source "ChessBase"]
[SourceDate "2021.09.30"]
[SourceVersion "1"]
[SourceVersionDate "2021.09.30"]
[SourceQuality "1"]

1. d4 d5 2. c4 e6 3. Nc3 Nf6 4. cxd5 exd5 5. Bg5 Be7 6. e3 c6 7. Bd3 0-0 8. Qc2 Nbd7 9. Nge2 Re8 10. 0-0 Nf8 11. f3 Nh5 12. Bxe7 Qxe7 13. e4 dxe4 14. fxe4 Be6 15. Rf2 c5 16. d5 Bd7 17. Qb3 Qd6 18. Qxb7 Nf6 19. Qa6 Qxa6 20. Bxa6 Nxe4 21. Nxe4 Rxe4 22. Rc1 Ra4 23. Bc4 Ng6 24. Bb3 Ra5 25. Nf4 Ne5 26. d6 c4 27. Bxc4 Nxc4 28. Rxc4 Rxa2 29. Rc7 Ra1+ 30. Rf1 Rxf1+ 31. Kxf1 Bb5+ 32. Kf2 Rd8 33. Rxa7 g6 34. Rb7 Bc6 35. Rb6 Rxd6 36. b4 Rd4 37. g3 Rc4 38. b5 Bh1 39. Ke3 Kf8 40. Ra6 Rc5 41. Rb6 Rc4 42. Kd3 Rc1 43. h4 Ke7 44. Ne2 Rb1 45. Kc4 Re1 46. Nf4 Re4+ 47. Kc5 Re5+ 48. Kc4 1/2-1/2

[Event "Gligoric Cup 7th"]
[Site "Backa Palanka"]
[Date "2021.06.05"]
[Round "3.1"]
[White "Saric, Sinisa"]
[Black "Bogosavljevic, Boban"]
[Result "1-0"]
[WhiteElo "2406"]
[BlackElo "2530"]
[PlyCount "39"]
[EventDate "2021.06.03"]
[EventType "team-tourn"]
[EventRounds "5"]
[EventCountry "SRB"]
[SourceTitle "CBM 203 Extra"]
[Source "ChessBase"]
[SourceDate "2021.09.30"]
[SourceVersion "1"]
[SourceVersionDate "2021.09.30"]
[SourceQuality "1"]
[WhiteTeam "Kac Jugovic"]
[BlackTeam "Goracici Jelica"]
[WhiteTeamCountry "SRB"]
[BlackTeamCountry "SRB"]

1. d4 Nf6 2. c4 e6 3. Nc3 Bb4 4. Qc2 0-0 5. e4 d6 6. a3 Bxc3+ 7. bxc3 e5 8. Bd3 Nc6 9. Ne2 Nh5 10. Be3 b6 11. f3 Qh4+ 12. g3 Qh3 13. Kf2 Na5 14. g4 f5 15. exf5 Bb7 16. d5 e4 17. Bxe4 Nf6 18. Bg5 Nxc4 19. Nf4 Nxg4+ 20. Kg1 1-0

[Event "SRB-chT Premier"]
[Site "Ruma"]
[Date "2020.09.30"]
[Round "8.1"]
[White "Saric, Sinisa"]
[Black "Besedes, Danilo"]
[Result "1/2-1/2"]
[WhiteElo "2408"]
[BlackElo "2276"]
[PlyCount "109"]
[EventDate "2020.09.25"]
[EventType "team-tourn"]
[EventRounds "11"]
[EventCountry "SRB"]
[SourceTitle "CBM 198 Extra"]
[Source "ChessBase"]
[SourceDate "2020.11.30"]
[SourceVersion "1"]
[SourceVersionDate "2020.11.30"]
[SourceQuality "1"]
[WhiteTeam "Kac Jugovic"]
[BlackTeam "Elemir Naftagas"]
[WhiteTeamCountry "SRB"]
[BlackTeamCountry "SRB"]

1. d4 c6 2. c4 Nf6 3. Nc3 d5 4. e3 a6 5. Bd3 g6 6. Nf3 Bg7 7. 0-0 0-0 8. Qc2 Bg4 9. Ne5 Be6 10. c5 Nbd7 11. Nxd7 Qxd7 12. Bd2 Ne8 13. b4 Nc7 14. a4 Bf5 15. Bxf5 gxf5 16. Rab1 f4 17. Ne2 Ne6 18. Kh1 Kh8 19. Qd3 fxe3 20. fxe3 Ng5 21. Ng3 Qe6 22. Qf5 h6 23. h4 Qxf5 24. Rxf5 Nh7 25. Rbf1 Kg8 26. Nh5 Nf6 27. Nxf6+ Bxf6 28. R1f4 Kh7 29. e4 dxe4 30. Rxe4 Rad8 31. Be3 Kg6 32. Ref4 Rd7 33. h5+ Kg7 34. Rg4+ Kh7 35. Re4 Rfd8 36. Kg1 Rd5 37. Rxd5 Rxd5 38. g4 Kg7 39. Kf2 e6 40. Kf3 Bh4 41. Ke2 Bg5 42. Bf2 Kf6 43. Kd3 Ke7 44. Re5 f5 45. gxf5 Rxe5 46. dxe5 exf5 47. Be3 f4 48. Bd4 Ke6 49. Ke4 f3 50. Kxf3 Kf5 51. Bc3 Bc1 52. e6 Kxe6 53. Ke4 Bg5 54. Be1 Bc1 55. Bc3 1/2-1/2

[Event "SRB-chT Premier"]
[Site "Ruma"]
[Date "2020.09.26"]
[Round "2.1"]
[White "Saric, Sinisa"]
[Black "Milosevic, Milos"]
[Result "1/2-1/2"]
[WhiteElo "2408"]
[BlackElo "2274"]
[PlyCount "100"]
[EventDate "2020.09.25"]
[EventType "team-tourn"]
[EventRounds "11"]
[EventCountry "SRB"]
[SourceTitle "CBM 198 Extra"]
[Source "ChessBase"]
[SourceDate "2020.11.30"]
[SourceVersion "1"]
[SourceVersionDate "2020.11.30"]
[SourceQuality "1"]
[WhiteTeam "Kac Jugovic"]
[BlackTeam "Belgrade Itaka"]
[WhiteTeamCountry "SRB"]
[BlackTeamCountry "SRB"]

1. d4 Nf6 2. c4 g6 3. Nc3 d5 4. cxd5 Nxd5 5. Bd2 Bg7 6. e4 Nb6 7. Be3 Nc6 8. Bb5 0-0 9. Nge2 Na5 10. b3 a6 11. Bd3 Nc6 12. Bc2 f5 13. d5 Nb4 14. a3 f4 15. Bxb6 Nxc2+ 16. Qxc2 cxb6 17. f3 Qd6 18. 0-0 Bd7 19. b4 a5 20. Qb3 Rfc8 21. Rac1 axb4 22. axb4 b5 23. Kh1 Rc4 24. Rb1 Rac8 25. Rfc1 Be5 26. Nd1 Qb6 27. Nb2 Rxc1+ 28. Nxc1 Rc3 29. Qd1 Qe3 30. Nbd3 Bd6 31. Rb3 Rxb3 32. Nxb3 b6 33. Na1 Qd4 34. Nc2 Qc3 35. Qe2 e5 36. g3 fxg3 37. hxg3 Qb3 38. Kg2 h5 39. Qd2 Qa2 40. Nc1 Bxb4 41. Qf2 Qb1 42. Nxb4 Qxb4 43. Nd3 Qc3 44. Qxb6 Qxd3 45. Qxg6+ Kf8 46. Qf6+ Ke8 47. Qh8+ Ke7 48. Qxe5+ Kd8 49. Qb8+ Ke7 50. Qe5+ Kd8 1/2-1/2

[Event "SRB-chT Premier"]
[Site "Ruma"]
[Date "2020.09.25"]
[Round "1.1"]
[White "Muskinja, Luka"]
[Black "Saric, Sinisa"]
[Result "0-1"]
[WhiteElo "1940"]
[BlackElo "2408"]
[PlyCount "126"]
[EventDate "2020.09.25"]
[EventType "team-tourn"]
[EventRounds "11"]
[EventCountry "SRB"]
[SourceTitle "CBM 198 Extra"]
[Source "ChessBase"]
[SourceDate "2020.11.30"]
[SourceVersion "1"]
[SourceVersionDate "2020.11.30"]
[SourceQuality "1"]
[WhiteTeam "Nova Pazova Mladost"]
[BlackTeam "Kac Jugovic"]
[WhiteTeamCountry "SRB"]
[BlackTeamCountry "SRB"]

1. Nf3 Nf6 2. b3 d5 3. Bb2 Bf5 4. e3 e6 5. d4 Nbd7 6. Bd3 Bd6 7. Qe2 0-0 8. Nbd2 Bxd3 9. Qxd3 c5 10. 0-0 Rc8 11. c4 cxd4 12. Qxd4 e5 13. Qh4 b5 14. Rac1 bxc4 15. bxc4 Qb6 16. Rc2 Rfe8 17. Rfc1 Qa6 18. cxd5 Rxc2 19. Rxc2 Qxa2 20. Qc4 Qxc4 21. Nxc4 Rc8 22. Rc1 Bb8 23. d6 Ne4 24. Nfxe5 Nxe5 25. Nxe5 Rxc1+ 26. Bxc1 Bxd6 27. Nc6 a6 28. f3 Nc5 29. h3 Kf8 30. Kf1 Ke8 31. Ke2 Kd7 32. Nd4 Be5 33. Ba3 Ne6 34. Nxe6 Kxe6 35. Kd3 Kd5 36. e4+ Kc6 37. Kc4 g6 38. Bc1 Bd6 39. Bd2 Bc5 40. Ba5 Be3 41. Bd8 Bd2 42. Be7 a5 43. Kd3 Bc1 44. Kc4 Bf4 45. Bd8 a4 46. Kb4 a3 47. Kxa3 Kc5 48. Ka4 Kd4 49. Kb5 Ke3 50. Kc6 Kf2 51. Kd7 Kxg2 52. Bf6 Kxf3 53. Ke7 Kxe4 54. Kxf7 Kf5 55. Bh4 h5 56. Be1 g5 57. Bf2 h4 58. Bd4 g4 59. hxg4+ Kxg4 60. Kg6 h3 61. Bg1 Kg3 62. Kh5 Kg2 63. Kh4 Be3 0-1

[Event "HUN-chT 1920"]
[Site "Hungary"]
[Date "2020.03.08"]
[Round "7.7"]
[White "Zakarias, David"]
[Black "Saric, Sinisa"]
[Result "0-1"]
[WhiteElo "2328"]
[BlackElo "2401"]
[PlyCount "98"]
[EventDate "2019.11.16"]
[EventType "team-tourn"]
[EventRounds "9"]
[EventCountry "HUN"]
[SourceTitle "CBM 195 Extra"]
[Source "ChessBase"]
[SourceDate "2020.05.31"]
[SourceVersion "1"]
[SourceVersionDate "2020.05.31"]
[SourceQuality "1"]
[WhiteTeam "Maroczy"]
[BlackTeam "Mako Duocor"]
[WhiteTeamCountry "HUN"]
[BlackTeamCountry "HUN"]

1. d4 Nf6 2. c4 g6 3. Nc3 Bg7 4. Nf3 0-0 5. Bg5 d6 6. e3 h6 7. Bh4 c5 8. d5 g5 9. Bg3 Nh5 10. Bd3 Nxg3 11. hxg3 e6 12. Qe2 exd5 13. Nxd5 Nc6 14. Rd1 Re8 15. Bb1 Nd4 16. Nxd4 cxd4 17. Qd3 Be6 18. 0-0 Bxd5 19. cxd5 dxe3 20. fxe3 Re7 21. Rf3 Rc8 22. Rdf1 Rcc7 23. Kh2 Qe8 24. g4 Qa4 25. Qh7+ Kf8 26. Bf5 Qxa2 27. Be6 Rxe6 28. dxe6 Qxe6 29. Qd3 Bxb2 30. Rf5 Kg7 31. g3 Be5 32. Qe2 Qb3 33. R1f2 Qd5 34. e4 Qb3 35. R5f3 Qe6 36. Rf5 Kg6 37. Qf3 b5 38. Qa3 Qc4 39. Rxe5 b4 40. Qf3 dxe5 41. Qf5+ Kg7 42. Qxe5+ Kg8 43. Qd6 Qc5 44. Qf6 Qb6 45. Qf5 b3 46. Rd2 Rc1 47. Kh3 b2 48. Qe5 b1Q 49. Qe8+ Kg7 0-1

[Event "SRB-chT"]
[Site "Subotica"]
[Date "2019.09.01"]
[Round "11.1"]
[White "Saric, Sinisa"]
[Black "Arsovic, Zoran"]
[Result "1-0"]
[WhiteElo "2410"]
[BlackElo "2370"]
[PlyCount "65"]
[EventDate "2019.08.22"]
[EventType "team-tourn"]
[EventRounds "11"]
[EventCountry "SRB"]
[SourceTitle "EXT 2020"]
[Source "ChessBase"]
[SourceDate "2019.10.17"]
[SourceVersion "1"]
[SourceVersionDate "2019.10.17"]
[SourceQuality "1"]
[WhiteTeam "Novi Sad CC"]
[BlackTeam "Kac Jugovic"]
[WhiteTeamCountry "SRB"]
[BlackTeamCountry "SRB"]

1. d4 Nf6 2. c4 e6 3. Nc3 Bb4 4. Qc2 d6 5. e3 0-0 6. Bd3 e5 7. Nge2 Nc6 8. 0-0 Bxc3 9. Qxc3 a5 10. e4 Qe7 11. f3 Bd7 12. Be3 Nb4 13. Bb1 c5 14. d5 a4 15. b3 b5 16. a3 axb3 17. axb4 cxb4 18. Qxb4 Rxa1 19. cxb5 Rb8 20. Nc3 Nh5 21. Qxb3 Nf4 22. g3 Nh3+ 23. Kh1 f5 24. Qb2 f4 25. gxf4 exf4 26. Bd4 Ra5 27. b6 Rb7 28. Qb4 Ra8 29. e5 Qf8 30. e6 Be8 31. Bd3 h5 32. Ne4 Bg6 33. Qc3 1-0

[Event "SRB-chT"]
[Site "Subotica"]
[Date "2019.08.27"]
[Round "6.1"]
[White "Tadic, Branko"]
[Black "Saric, Sinisa"]
[Result "1-0"]
[WhiteElo "2488"]
[BlackElo "2410"]
[PlyCount "120"]
[EventDate "2019.08.22"]
[EventType "team-tourn"]
[EventRounds "11"]
[EventCountry "SRB"]
[SourceTitle "EXT 2020"]
[Source "ChessBase"]
[SourceDate "2019.10.17"]
[SourceVersion "1"]
[SourceVersionDate "2019.10.17"]
[SourceQuality "1"]
[WhiteTeam "Vladimirci"]
[BlackTeam "Novi Sad CC"]
[WhiteTeamCountry "SRB"]
[BlackTeamCountry "SRB"]

1. Nf3 Nf6 2. c4 g6 3. g3 Bg7 4. Bg2 c5 5. Nc3 0-0 6. d4 cxd4 7. Nxd4 Qc7 8. b3 d5 9. Ndb5 Qa5 10. Bd2 dxc4 11. bxc4 Qd8 12. 0-0 a6 13. Na3 Be6 14. Rb1 Nc6 15. Qc1 Rc8 16. Rd1 b5 17. Be1 Nd7 18. cxb5 Nd4 19. Qe3 Nf5 20. Qd3 axb5 21. Naxb5 Qa5 22. Bd5 Ne5 23. Qe4 Bd7 24. Qg2 e6 25. Be4 Rc5 26. Bxf5 gxf5 27. Ne4 Qxb5 28. Rxb5 Rxb5 29. Nc3 Rb2 30. Qh3 Bc6 31. Qh4 Ng4 32. h3 Bf6 33. Qh5 Ne5 34. Qh6 Bg7 35. Qe3 Rc8 36. a4 Bf6 37. a5 Kg7 38. Bd2 Kg8 39. Qh6 Bg7 40. Qf4 Bb7 41. Qa4 Bc6 42. Qf4 Rd8 43. Kf1 h6 44. Be1 Rdb8 45. a6 R8b4 46. Rd4 Rb6 47. Qc1 R2b3 48. Rd3 Kh7 49. a7 Ra6 50. f4 Ng6 51. Rd6 Rbb6 52. Bf2 Bg2+ 53. Kxg2 Rxd6 54. Nb5 Rd8 55. Qc7 Rd2 56. Qb7 Rda2 57. Qxf7 Rxe2 58. Kf3 Re4 59. Nc7 Ra3+ 60. Kg2 Rea4 1-0